| Поле | Инд. | ПП | Название | Значение |
|---|---|---|---|---|
| Тип записи | a | |||
| Библиографический уровень | b | |||
| 001 | Контрольный номер | RU/IS/BASE/202565309 | ||
| 005 | Дата корректировки | 20200522191023.2 | ||
| 008 | Кодируемые данные | 20060602 | ||
| 084 | a | Индекс другой классификации/Индекс ББК | 74.247.7 | |
| 100 | 1_ | a | Автор | Беличева С. А. |
| q | Полное имя | Беличева Светлана Афанасьевна | ||
| 245 | a | Заглавие | Развитие сети государственных учреждений для детей-сирот в России и проблемы их совершенствования | |
| 520 | a | Аннотация | "По данным госстатистики число детей-сирот и детей, оставшихся без попечения родителей, к 1998 году в России насчитывается около 600.000. Эта цифра имеет тенденцию роста..." | |
| 650 | a | Основная рубрика | общее образование (школьное образование) | |
| a | Основная рубрика | общеобразовательная школа | ||
| a | Основная рубрика | педагогика | ||
| 653 | a | Ключевые слова | государственная поддержка | |
| a | Ключевые слова | дети-сироты | ||
| a | Ключевые слова | детские дома | ||
| a | Ключевые слова | дома ребенка | ||
| a | Ключевые слова | образовательные учреждения | ||
| a | Ключевые слова | патронат | ||
| a | Ключевые слова | приюты | ||
| a | Ключевые слова | профилактика девиантного поведения | ||
| a | Ключевые слова | реабилитационные центры | ||
| a | Ключевые слова | Россия | ||
| a | Ключевые слова | социальная педагогика | ||
| a | Ключевые слова | социальная политика | ||
| a | Ключевые слова | социальная работа | ||
| a | Ключевые слова | социальные сироты | ||
| a | Ключевые слова | школы-интернаты | ||
| 773 | t | Заглавие источника | Вестник психосоциальной и коррекционно-реабилитационной работы | |
| d | Дата издания источника | 1999 | ||
| g | Прочая информация | № 3. - С. 84 - 87 | ||
| w | Контрольный № источника | RU/IS/BASE/119011552 | ||
| 901 | t | Тип документа | b |